Suurin N:llä alkava kaupunki - Statistics

Yleistilastot
  • Tätä visaa on pelattu 178 kertaa
    176 viimeisimmän päivityksen jälkeen
  • Keskiarvotulos 11 / 18
Vastaustilastot
Maa N-kaupunki % Oikein
Kenia Nairobi
95%
Italia Napoli
92%
Kypros Nikosia
90%
Yhdysvallat New York
83%
Ranska Nizza
78%
Saksa Nürnberg
76%
Venäjä Novosibirsk
70%
Niger Niamey
67%
Japani Nagoya
64%
Kiina Nanjing
64%
Yhdistynyt kuningaskunta Newcastle
63%
Ruotsi Norrköping
62%
Serbia Novi Sad
50%
Brasilia Natal
46%
Intia Nagpur
44%
Belgia Namur
16%
Alankomaat Nijmegen
11%
Meksiko Nezahualcóyotl
2%
Ehtoja vastaavia visoja ei löytynyt
Tulosjakauma
Jokaisen tuloksen saaneiden osuus
Persentiili vastausten määrän mukaan
Tuloshistoriasi
Et ole pelannut tätä visaa sen viimeisimmän päivityksen jälkeen